00340nam a22000977a 4500082001600000245004400016526003700060942001200097999001900109952011400128 a954.03bSET aRulers of India The Marquess Cornwallis a0b0c0d954_030000000000000_SET 2ddccBK c552674d552674 00102ddc4070aMCEbMCEcArchive Sectiond2015-01-20l0o954.03 SETpMCE-ECR.33r2015-01-20w2015-01-20yBK